El peligro comunista en la revolución de abril : (Registro nro. 5549)
[ vista simple ]
| 000 -CABECERA | |
|---|---|
| campo de control de longitud fija | 01342nam a22001937a 4500 |
| 003 - IDENTIFICADOR DEL NÚMERO DE CONTROL | |
| campo de control | DO-SdBJH |
| 005 - FECHA Y HORA DE LA ÚLTIMA TRANSACCIÓN | |
| campo de control | 20190806132949.0 |
| 008 - DATOS DE LONGITUD FIJA--INFORMACIÓN GENERAL | |
| campo de control de longitud fija | 190806b ||||| |||| 00| 0 spa d |
| 020 ## - NÚMERO INTERNACIONAL ESTÁNDAR DEL LIBRO | |
| Número Internacional Estándar del Libro | 99934-27-08-X |
| 040 ## - FUENTE DE LA CATALOGACIÓN | |
| Centro catalogador/agencia de origen | DO-SdBJH |
| Lengua de catalogación | spa |
| Centro/agencia transcriptor | DO-SdBJH |
| 082 ## - NÚMERO DE LA CLASIFICACIÓN DECIMAL DEWEY | |
| Número de clasificación | RD.972.93054 |
| Número de documento/Ítem | V422p |
| 100 ## - ENTRADA PRINCIPAL--NOMBRE DE PERSONA | |
| Autor Personal | Vega Boyrie, Bernardo |
| Fechas asociadas al autor | 1938- |
| 245 ## - MENCIÓN DE TÍTULO | |
| Título | El peligro comunista en la revolución de abril : |
| Resto del título | ¿mito o realidad? / |
| Mención de responsabilidad, etc. | Bernardo Vega |
| 260 ## - PUBLICACIÓN, DISTRIBUCIÓN, ETC. | |
| Lugar de publicación, distribución, etc. | Santo Domingo : |
| Nombre del editor, distribuidor, etc. | Fundación Cultural Dominicana, |
| Fecha de publicación, distribución, etc. | 2006 |
| 300 ## - DESCRIPCIÓN FÍSICA | |
| Extensión | 373 paginas |
| Otras características físicas | : il.,fotos |
| 505 2# - NOTA DE CONTENIDO CON FORMATO | |
| Nota de contenido con formato | Introducción 15|Previo a la revolución de abril 19|24 y 25 de abril de 1965. El inicio de la guerra civil 31|26 de abril de 1965. El día que Washington ordenó la ejecución de civiles 79|27 de abril de 1965. El día de la gran derrota y también de la gran victoria constitucionalistas 109|28 de abril de 1965. El día que se ordenó el desembarco de las tropas que estaban en los barcos 149|29 de abril de 1965. El día que se ordenó el envío de las tropas aerotransportadas 187|Dudas y luego propaganda 247|Conclusiones 295|Notas 327|Bibliografía 343|Anexos 351|Indíce onomástico 361 |
| 650 #4 - PUNTO DE ACCESO ADICIONAL DE MATERIA--TÉRMINO DE MATERIA | |
| Término de materia o nombre geográfico como elemento de entrada | Estados Unidos - Relaciones exteriores |
| Subdivisión general | República Dominicana - Historia - Ocupación norteaméricana 1965-1966 |
| -- | República Dominicana - Historia - Revolución, 1965 |
| 942 ## - ELEMENTOS DE PUNTO DE ACCESO ADICIONAL (KOHA) | |
| Fuente del sistema de clasificación o colocación | Dewey Decimal Classification |
| Tipo de ítem Koha | Libros |
No hay ítems disponibles.
